|
|
|
|
| LEADER |
00686nam a2200253 a 4500 |
| 001 |
adlib96000001 |
| 003 |
ViArRB |
| 005 |
20151026131649.0 |
| 008 |
960221s1955 dcuabcdjdbkoqu001 0deng d |
| 020 |
|
|
|
| 022 |
|
|
|
| 040 |
|
|
|a Adlib
|
| 082 |
|
|
|a 323.1(540)
|
| 245 |
|
|
|a Growth of Nationlalism In India 1857-1918 and 1919-1929
|
| 250 |
|
|
|
| 260 |
|
|
|a New Delhi
|b Trimurti publications
|c 1973
|
| 300 |
|
|
|a v.1. xiii, 640 p.
|
| 500 |
|
|
|a 2 V.
|
| 100 |
|
|
|a Choudhary, Sukhbir
|
| 700 |
|
|
|
| 942 |
|
|
|c BK
|6 _
|
| 653 |
|
|
|a India - Politics
|
| 999 |
|
|
|c 32510
|d 32510
|
| 952 |
|
|
|0 0
|1 0
|4 0
|6 3231540_CHO
|7 0
|9 44153
|a UL
|b UL
|d 2010-06-16
|o 323.1(540) CHO
|p 00009979
|r 2010-06-16
|w 2010-06-16
|y BK
|